000 00790nam a2200241 i 4500
001 51539
003 ES-MaACL
005 20250718234742.0
007 t|
008 030813s1971 sp af ||||1|bspa d
080 _a929 Costa, Joaquín
100 1 _aCheyne, George J. G.
_938445
245 1 0 _aJoaquín Costa, el gran desconocido :
_besbozo biográfico /
_cGeorge J.G. Cheyne ; prólogo de Josep Fontana.
260 _aBarcelona :
_bAriel,
_c[1971]
300 _a266 p., 6 lám. ;
_c22 cm.
490 1 _aHoras de España
600 1 4 _aCosta, Joaquín,
_d1846-1911-
_xBiografías
_9172846
700 1 _aFontana, Josep,
_d1931-2018
_951600
830 1 _aHoras de España
_9180399
852 _aES-MaACL
_jC-42240
852 _aES-MaACL
_jC-7296
999 _c51539
_d51539